| 000 | 00601nam a22001937a 4500 | ||
|---|---|---|---|
| 999 |
_c178784 _d178784 |
||
| 005 | 20210413151015.0 | ||
| 010 | _aB-739796 | ||
| 020 |
_a9788176042529 _c110.00 |
||
| 035 | _aB-739796 | ||
| 037 | _bGift | ||
| 082 | _a133.6 | ||
| 100 | _aCheiro's | ||
| 245 |
_aCheiro's language of the hand / _cby Cheiro |
||
| 260 |
_aDelhi _bRaja Pocket Books _c2011 |
||
| 270 |
_a330/1, Burari _bDelhi _e110084 |
||
| 300 |
_a195p.: _c22cm(pbk) _bill. |
||
| 942 |
_2ddc _cEN _mCHE _h133.6 |
||